000 00764nam a2200229 a 4500
005 20240925065455.0
008 991125s1996 arg 000 0 spa u
020 _a9879116062
035 _aUPN01000054636
049 _aCG
050 4 _aLC65
_bM4.7
100 1 _aMendel, Gérard,
_d1930-2004
_929257
245 1 0 _aSociopsicoanálisis y educación /
_cGerard Mendel.
260 _aArgentina :
_bNovedades Educativas :
_bUniversidad de Buenos Aires, Facultad de Filosofía y Letras,
_c1996.
300 _a133 p.
440 0 _aLos documentos ;
_v2
650 4 _aEducación
_xAspectos sociales
_95311
650 4 _aEducación
_xInvestigación
_94070
650 4 _aRelación escuela-comunidad
_98259
650 4 _aSociología de la educación
_94896
905 _aLibro
999 _c54636
_d54636